<?xml version="1.0" encoding="UTF-8"?>
<collection xmlns:xsi="http://www.w3.org/2001/XMLSchema-instance" xsi:schemaLocation="http://www.loc.gov/MARC21/slim http://www.loc.gov/standards/marcxml/schema/MARC21slim.xsd" xmlns="http://www.loc.gov/MARC21/slim">
 <record>
  <leader>00000cab a22000004cb4500</leader>
  <controlfield tag="001">IPP-00000277711</controlfield>
  <controlfield tag="003">IPP</controlfield>
  <controlfield tag="005">20190214150636.0</controlfield>
  <controlfield tag="008">190214s2011    xx     d | ||r |||||eng||</controlfield>
  <datafield tag="041" ind1="#" ind2="#">
   <subfield code="a">eng</subfield>
  </datafield>
  <datafield tag="100" ind1="1" ind2="#">
   <subfield code="a">Chavez, Jayson G.</subfield>
  </datafield>
  <datafield tag="245" ind1="1" ind2="0">
   <subfield code="a">Multigene-locus cpDNA Bayesian frameworks in resolving conflicts within Philippine endemic Gardenia Ellis (Rubiaceae)</subfield>
   <subfield code="b">Implications to taxonomy, biodiversity and drug development</subfield>
  </datafield>
  <datafield tag="264" ind1="#" ind2="1">
   <subfield code="c">2011</subfield>
  </datafield>
  <datafield tag="520" ind1="#" ind2="#">
   <subfield code="a">The Philippine Gardenia specie form a highly heterogeneous assemblage, leading to several taxonomic transfers to other Rubiaceous genera (Ceriscoides, Discospermum, Fagerlindia, Sulitia, Vidalasia, and Villaria). Inspite of these taxonomic rearrangements, three remaining Philippine endemic Gardenia species (G. lagunensis Merr., G merrillii Elmer and G. negrosensis Merr.) still exhibit disparate features against the current circumscription of the genus and remain unsolved. In order to evaluate their true generic affinities with more certitude, we conducted separate and combined Bayesian Inference (BI) of the rps16 intron and trnT-F region sequences of cpDNA. The majority rule consensus tree of the combined dataset is more congruent with the rps16 intron tree but with much higher Posterior Probabilities (PP). The four sampled Philippine Gardenia species including G. elata appeared into two different group in the tribe Gardenieae. Gardenia elata grouped within the Gardenia clade with high support (PP=1.00), while G. lagunenis, G. merrillii, and G. negronensis nested within a clade with Rothmannia annae and R. capensis with strong support (PP=0.96). These molecular findings are congruent with morphology such as the 3:3 nodal pattern of leaves, absence of domatia, bilobed stigmas, 2-locular ovaries, globular indehiscent fruits and seeds that are embedded in a pulp forming a single mass. Therefore, we recognized three novel combinations under Rothmannia Thunb., which established for the first time the genus to the archipelago. In relation to this taxonomic breakthrough, implications on their conservation status and possible medicinal use are presented.</subfield>
  </datafield>
  <datafield tag="650" ind1="1" ind2="0">
   <subfield code="a">Endemic plants</subfield>
  </datafield>
  <datafield tag="650" ind1="2" ind2="0">
   <subfield code="a">Medicinal plants</subfield>
  </datafield>
  <datafield tag="700" ind1="1" ind2="#">
   <subfield code="a">Alejandro, Grecebio Jonathan D.</subfield>
  </datafield>
  <datafield tag="773" ind1="0" ind2="#">
   <subfield code="t">Transactions of the National Academy of Science and Technology</subfield>
   <subfield code="g">Vol. 33, no. 1 (Jul. 2011), 111</subfield>
  </datafield>
  <datafield tag="852" ind1="#" ind2="#">
   <subfield code="a">UPD</subfield>
   <subfield code="b">DMLP</subfield>
  </datafield>
  <datafield tag="942" ind1="#" ind2="#">
   <subfield code="a">Article</subfield>
  </datafield>
  <datafield tag="950" ind1="#" ind2="#">
   <subfield code="a">FI</subfield>
  </datafield>
 </record>
</collection>
